Viêt Nam : (Record no. 13519)
[ view plain ]
| 000 -LEADER | |
|---|---|
| fixed length control field | 00417cam a22001574a 4500 |
| 020 ## - INTERNATIONAL STANDARD BOOK NUMBER | |
| ISBN | 2259194125 |
| 040 ## - CATALOGING SOURCE | |
| Transcribing agency | DLC |
| 082 ## - DEWEY DECIMAL CLASSIFICATION NUMBER | |
| Classification number | 959 PLO 2001 A101 Or. |
| 100 1# - MAIN ENTRY--AUTHOR NAME | |
| Personal name | Tauriac, Michel. |
| 245 10 - TITLE STATEMENT | |
| Title | Viêt Nam : |
| Remainder of title | le dossier noir du communisme. Hô so den Viêt Công / |
| 246 0# - VARYING FORM OF TITLE | |
| Title proper/short title | De 1945 à nos jours. |
| 260 ## - PUBLICATION, DISTRIBUTION, ETC. (IMPRINT) | |
| Place of publication | Paris : |
| Name of publisher | Plon, |
| Year of publication | 2001. |
| 300 ## - PHYSICAL DESCRIPTION | |
| Number of Pages | 251, [5] p. ; |
| Dimensions | 23 cm. |
| 650 #0 - SUBJECT ADDED ENTRY--TOPICAL TERM | |
| Topical Term | Communism |
| 942 ## - ADDED ENTRY ELEMENTS (KOHA) | |
| Koha item type | សៀវភៅភាសាអង់គ្លេស |
| 952 ## - LOCATION AND ITEM INFORMATION (KOHA) | |
| Withdrawn status [LOCAL, KOHA] | 0 |
| Permanent Location | Date acquired | Koha item type | Lost status | Shelving location | Barcode | Current Location | Full call number |
|---|---|---|---|---|---|---|---|
| Library Block A | 2017-08-27 | សៀវភៅភាសាអង់គ្លេស | A101 | A21069 | Library Block A | 959 PLO 2001 A101 Or. |